Films bénéluxois par images - Statistiques

Statistiques générales
  • Ce quiz a été pris 11 fois
  • Le résultat moyen est 4 sur 16
Statistiques - réponses
Par images Réponse % Correct
Dikkenek
70%
C'est arrivé près de chez vous
60%
Jeanne Dielman
50%
La Tortue Rouge
50%
Le Huitième Jour
50%
Rosetta
40%
The Human Centipede (First Sequence)
30%
Turkish délices
20%
Misère au Borinage
10%
Panique au village
10%
Amsterdam Global Village
0%
Babel – Lettre à mes amis restés en Belgique
0%
Bullhead
0%
Le Toit de la baleine
0%
Troublemaker
0%
Un soir, un train
0%
Aucun quiz correspondant
Distribution des résultats
% des personnes avec chaque résultat
Percentile par nombre de réponses
Votre historique - résultats
Vous n’avez pas pris ce quiz